Papa's Hot Doggeria Ingredients - Statistics

General Stats
  • This quiz has been taken 14 times
  • The average score is 27 of 120
Answer Stats
Hint Answer % Correct
Sausage Hot Dog
89%
Topping Pickle
78%
Topping Cheese
67%
Sauce Ketchup
67%
Sauce Mayo
67%
Sauce Mustard
67%
Topping Tomato
67%
Topping Bacon
56%
Topping Chili
56%
Sausage Kielbasa
56%
Topping Onions
56%
Sausage Cheddarwurst
44%
Bun Chicago Bun
44%
Soda Diet Fizzo
44%
Soda Fizzo
44%
Sausage Italian Sausage
44%
Popcorn Kettle Corn
44%
Bun Pretzel Bun
44%
Soda Purple Burple
44%
Bun Regular Bun
44%
Topping Relish
44%
Sausage Veggie Dog
44%
Soda Dr. Cherry
33%
Bun (Summer Luau) Hawaiian Bun
33%
Bun Hoagie Roll
33%
Soda Lemon Mist
33%
Bun (Halloween) Pan de Muerto Bun
33%
Sauce Papa's Ballpark Mustard
33%
Topping Pineapple Relish
33%
Soda Root Beer
33%
Topping Salsa
33%
Bun (Cinco De Mayo) Bolillo Bun
22%
Sauce (Summer Luau) Calypso Sauce
22%
Popcorn (Cinco De Mayo) Cancha Corn
22%
Popcorn Cheddar Corn
22%
Popcorn Chocolate Popcorn
22%
Popcorn Cinnamon Swirl
22%
Popcorn (Easter) Cotton Puffs
22%
Bun (New Year) Fried Chicken Bun
22%
Bun (Christmas) Fruitcake Bun
22%
Sauce (Thanksgiving) Gravy
22%
Bun (Sugarplex Filmfest) Hollywood Bun
22%
Sauce Hot Sauce
22%
Soda (Comet Con) Hyper Green
22%
Topping Jalapeños
22%
Popcorn (Starlight BBQ) Jubilee Popcorn
22%
Sauce (Halloween) La Catrina Sauce
22%
Bun (Comet Con) Lunar Loaf Bun
22%
Bun (Cherry Blossom Festival) Melon Pan Bun
22%
Topping Mushrooms
22%
Bun (Easter) Paska Bun
22%
Popcorn (Comet Con) Pluto Puffs
22%
Topping (Summer Luau) Poke
22%
Bun (Thanksgiving) Pumpernickel Bun
22%
Popcorn (Thanksgiving) Pumpkin Spice Popcorn
22%
Popcorn Red Hot Popcorn
22%
Bun (Starlight BBQ) Smoked Cheddar Bun
22%
Sauce Southwest Sauce
22%
Topping Sport Pepper
22%
Soda Tangerine Pop
22%
Popcorn (Summer Luau) Tropical Charms Popcorn
22%
Popcorn (Cherry Blossom Festival) Yomogi Popcorn
22%
Popcorn (Grōōvstock) Artisanal Truffle Corn
11%
Popcorn (Maple Mornings) Bacon Jack
11%
Bun (St. Paddy's Day) Barmbrack Bun
11%
Bun (Valentine's Day) Beetbread Bun
11%
Sauce (Easter) Blackberry Remoulade
11%
Soda (Halloween) Black Mist
11%
Sauce (Sugarplex Filmfest) Blockbuster Butter
11%
Topping (Sugarplex Filmfest) Boston Beanies
11%
Soda (Maple Mornings) Breakfast Blast
11%
Popcorn Buttered Popcorn
11%
Bun (Grōōvstock) Campagrain Bun
11%
Popcorn Candy Jack
11%
Popcorn (Valentine's Day) Cherry Cordial Corn
11%
Soda (Thanksgiving) Dream Cream Soda
11%
Sauce (Cinco De Mayo) Enchilada Sauce
11%
Topping (Cinco De Mayo) Fire Tortilla Strips
11%
Soda (Sugarplex Filmefest) Fizzo Gold
11%
Soda (New Year) Fizzo Quartz
11%
Bun (Maple Mornings) French Toast Bun
11%
Popcorn (Christmas) Frostcap Crunch
11%
Topping (New Year) Fruity Hoops
11%
Soda (Grōōvstock) Ginger Haze
11%
Topping (Maple Mornings) Hash Browns
11%
Topping (Grōōvstock) Kale
11%
Sauce (Grōōvstock) Karmic Korma Sauce
11%
Soda (Easter) Lavender Frost
11%
Sauce (Starlight BBQ) Lone Star Pit Sauce
11%
Soda (Cinco De Mayo) Mango de Mayo
11%
Topping Marinara Sauce
11%
Popcorn (St. Paddy's Day) Paddy Popcorn
11%
Soda (Summer Luau) Poppin' Coolada
11%
Topping (Starlight BBQ) Pulled Pork
11%
Topping (Comet Con) Pulsar Pesto
11%
Topping (Cherry Blossom Festival) Radish Sprouts
11%
Popcorn (Sugarplex Filmfest) Raisin Duds Popcorn
11%
Soda (Valentine's Day) Razzle Dazzle
11%
Topping (St. Paddy's Day) Sage Derby Cheese
11%
Soda (Cherry Blossom Festival) Sakura Spritz
11%
Topping Sauerkraut
11%
Sauce (Comet Con) Space Ration ZX85
11%
Soda (Starlight BBQ) Starlight Sparkler
11%
Sauce (Valentine's Day) Strawberry Vinaigrette
11%
Topping (Thanksgiving) Stuffing
11%
Sauce (Cherry Blossom Festival) Wasabi Mayo
11%
Popcorn (New Year) X Puffs
11%
Topping (Easter) Blue Cheese Crumbles
0%
Sauce (New Year) Cheezy Whip
0%
Topping (Christmas) Cranberry Chutney
0%
Soda (Christmas) Dr. Dasher
0%
Sauce (Christmas) Eggnog Aioli
0%
Topping Fajita Veggies
0%
Sauce (St. Paddy's Day) Irish Parsley Sauce
0%
Sauce (Maple Mornings) Sausage Gravy
0%
Soda (St. Paddy's Day) Shamrock Splash
0%
Topping (Halloween) Spooky Slaw
0%
Topping (Valentine's Day) Sundried Tomatoes
0%
Popcorn (Halloween) Tarantula Puffs
0%
Sauce Wild Onion Sauce
0%
No matching quizzes found
Score Distribution
Percent of People with Each Score
Percentile by Number Answered
Your Score History
You have not taken this quiz